000 00448nam a2200157 i 4500
001 83909
003 ES-MaACL
005 20230906174919.0
007 t|
008 041118s1971 sp ||||1| spa d
100 1 _aIraizoz, Carmen.
_965409
245 1 0 _aCuesta arriba, cuesta abajo
_b: Impaciencia : novela /
_cCarmen Iraizoz.
260 _aPamplona :
_bEd. Gómez,
_c[1971]
300 _a170 p. ;
_c20 cm.
852 _aES-MaACL
_jC-44805
_bR.80204
999 _c83909
_d83909